NFL Teams nach Gruppen - Statistiken

Allgemein
  • Dieses Quiz wurde 80 mal gespielt
  • Das Durchschnittsergebnis liegt bei 28 aus 32
Antwortstatistiken
Tabelle Team % Korrekt
D Los Angeles Rams
100%
B Miami Dolphins
100%
B New York Giants
100%
B New York Jets
98%
A Minnesota Vikings
96%
B New England Patriots
96%
D San Francisco 49ers
94%
A Detroit Lions
93%
B Washington Commanders
93%
B Buffalo Bills
91%
D Kansas City Chiefs
91%
D Las Vegas Raiders
91%
D Los Angeles Chargers
91%
D Seattle Seahawks
91%
D Denver Broncos
89%
C Houston Texans
89%
A Pittsburgh Steelers
89%
C Tampa Bay Buccaneers
89%
C Atlanta Falcons
87%
C Carolina Panthers
87%
C New Orleans Saints
87%
A Chicago Bears
85%
A Cleveland Browns
85%
A Green Bay Packers
85%
B Philadelphia Eagles
85%
A Cincinnati Bengals
81%
D Arizona Cardinals
80%
C Jacksonville Jaguars
80%
A Baltimore Ravens
78%
B Dallas Cowboys
78%
C Indianapolis Colts
74%
C Tennessee Titans
74%
Keine übereinstimmenden Quizze gefunden
Verteilung der Resultate
Anzahl Personen mit jedem Resultat
Perzentil nach korrekt beantworteten Fragen
Ihre Resultats-Entwicklung
Sie haben dieses Quiz noch nicht gespielt